Nirvana Discography - Statistics

General Stats
  • This quiz has been taken 98 times
  • The average score is 23 of 41
Answer Stats
Hint Answer % Correct
S Smells Like Teen Spirit
93%
Come As You Are
81%
Heart-Shaped Box
79%
I In Bloom
79%
Drain You
76%
Lithium
76%
Polly
71%
Something In The Way
71%
Breed
69%
Rape Me
69%
About A Girl
68%
Blew
66%
On A Plain
66%
Territorial Pissings
66%
Love Buzz
63%
School
63%
Floyd The Barber
62%
All Apologies
60%
Endless, Nameless
60%
N Nevermind (1991)
60%
Dumb
59%
Scentless Apprentice
59%
Bleach (1989)
57%
Lounge Act
56%
Frances Farmer Will Have Her Revenge On Seattle
54%
In Utero (1993)
54%
Pennyroyal Tea
51%
Serve The Servants
51%
Very Ape
49%
Stay Away
46%
Negative Creep
44%
Milk It
43%
Tourette‘s
43%
Downer
41%
Mr. Moustache
37%
Paper Cuts
35%
Big Cheese
34%
Scoff
34%
Radio Friendly Unit Shifter
31%
Swap Meet
31%
Sifting
29%
No matching quizzes found
Score Distribution
Percent of People with Each Score
Percentile by Number Answered
Your Score History
You have not taken this quiz